000 00590nam a2200181Ia 4500
003 GCL
008 140319s9999 xx 000 0 ara d
040 _aGCL /
_cGCL
082 0 4 _a347
_bع ح
100 1 _aعبدالحميد الشواربى
_vPurified
_@
…هذب
245 1 0 _aالحكم الجنائى /
_cعبدالحميد الشواربى
260 _a[S.N] :
_bمكتبه النهضه المصريه ،
_c1988
300 _a238 ص
490 _aالكتب القانونية
_v0
650 0 4 _aالقانون الجنائى
650 0 4 _aالقانون
942 _2ddc
_cBK
999 _c46260
_d46260